Vùng biển lặng

Salvato in:
Dettagli Bibliografici
Autore principale: Thùy An
Natura: Libro
Lingua:Vietnamese
Pubblicazione: Trẻ 1998
Soggetti:
Tags: Aggiungi Tag
Nessun Tag, puoi essere il primo ad aggiungerne! !
Thư viện lưu trữ: Mạng thư viện Đại học Đà Nẵng
LEADER 01186nam a2200337 a 4500
001 000003752
003 00416
005 20171229145311.0
008 171229s1998 vie
040 |a LSK 
041 0 |a VIE 
082 0 |a 895.9223  |b TH-A 
100 1 |a Thùy An 
245 0 0 |a Vùng biển lặng 
260 |b Trẻ  |c 1998 
300 |a 175 pages  |c 17,5 cm. 
653 |a Văn học - Việt Nam - Truyện ngắn 
852 |a Phòng Đọc 
901 |a 1 
927 |a Sách tham khảo 
OWN |a LSK 
AVA |a UDN50  |b LNN  |d 895.9223 TR-D  |e available  |t Error 5001 Not defined in file expand_doc_bib_avail.  |f 1  |g 0  |h N  |i 0 
AVA |a UDN50  |b LSK  |d 895.9223 TH-A  |e available  |t Error 5001 Not defined in file expand_doc_bib_avail.  |f 1  |g 0  |h N  |i 0  |k 1 
999 |a From the UDN01 
AVA |a UDN50  |b LNN  |d 895.9223 TR-D  |e available  |t Error 5001 Not defined in file expand_doc_bib_avail.  |f 1  |g 0  |h N  |i 0 
AVA |a UDN50  |b LSK  |d 895.9223 TH-A  |e available  |t Error 5001 Not defined in file expand_doc_bib_avail.  |f 1  |g 0  |h N  |i 0  |k 1 
TYP |a Monograph 
TYP |a Printed language 
980 |a Mạng thư viện Đại học Đà Nẵng